000 01739nam0a2200349 4500
001 RU\NLR\BIBL_A\011808226
005 20181108142227.0
010 _a978-5-7741-0325-6
_950
021 _aRU
_bКН-П-18-064027
_9КН-П-18-4610
035 _a(NLR Aleph) 011808226
035 _a(RuMoRGB)009728011
090 _a11903844
_c11903844
100 _a20181003d2017 k y0rusy50 ca
101 0 _aeng
102 _aRU
105 _ay z 000zy
200 1 _aGrowth, inflation and trade in Russian Federation: an econometric analysis and forecasts
_fSergey Mitsek
205 _aPreprint
210 _aYekaterinburg
_cLiberal arts university
_d2017
215 _a79 с.
_d21
300 _aВ вып. дан.: Рост, инфляция и внешняя торговля в Российской Федерации: эконометрический анализ и прогноз / Мицек Сергей Александрович
517 1 _aРост, инфляция и внешняя торговля в Российской Федерации: эконометрический анализ и прогноз
541 1 _aРост, инфляция и торговля в Российской Федерации: эконометрический анализ и прогнозы
606 1 _aИнфляция
_xУправление
_2nlr_sh1
_2nlr_sh2
_3RU\NLR\AUTH\661287082
606 1 _aТорговля
_yРоссийская Федерация
_2nlr_sh1
_2nlr_sh2
_3RU\NLR\AUTH\661254536
686 1 _aУ26(2)268.1
686 1 _aУ42(2)1
700 1 _aMicek
_bS. A.
_gSergej Aleksandrovič
_3RU\NLR\AUTH\770196792
942 _cBOOK
980 _aNB